Reflective teaching in second language classrooms (Record no. 1393977)

MARC details
000 -LEADER
fixed length control field 00677nam a2200229Ia 4500
005 - DATE AND TIME OF LATEST TRANSACTION
control field 20250508165232.0
008 - FIXED-LENGTH DATA ELEMENTS--GENERAL INFORMATION
fixed length control field 008 250505s9999 xx 000 0 eng d
020 ## - INTERNATIONAL STANDARD BOOK NUMBER
International Standard Book Number 978-0-415-67837-7
037 ## - SOURCE OF ACQUISITION
Stock number TextBook
040 ## - CATALOGING SOURCE
Original cataloging agency FEDL
Language of cataloging eng
Transcribing agency FEDL
041 ## - LANGUAGE CODE
Language code of text/sound track or separate title eng
Source of code eng
084 ## - COLON CLASSIFICATION NUMBER
Classification number 418.007, RIC/R
Assigning agency FEDL
100 ## - MAIN ENTRY--PERSONAL NAME
Personal name Richards Jack C
245 #0 - TITLE STATEMENT
Title Reflective teaching in second language classrooms
260 ## - PUBLICATION, DISTRIBUTION, ETC.
Place of publication, distribution, etc. Delhi, India
Name of publisher, distributor, etc. Cambridge University Press
Date of publication, distribution, etc. 1996
300 ## - PHYSICAL DESCRIPTION
Extent xii, 218p.
365 ## - TRADE PRICE
Price type code INR
Price amount 275
490 ## - SERIES STATEMENT
Series statement Cambridge Language Education
700 ## - ADDED ENTRY--PERSONAL NAME
Personal name Lockhart Charles
9 (RLIN) 780236
942 ## - ADDED ENTRY ELEMENTS (KOHA)
Koha item type Textbook
Classification part 418.007, RIC/R
Holdings
Withdrawn status Lost status Damaged status Not for loan Home library Current library Date acquired Cost, normal purchase price Total Checkouts Full call number Barcode Date last seen Price effective from Koha item type
        Department of Education Library Department of Education Library 2025-05-08 275.00   418.007, RIC/R EL0087616 2025-05-08 2025-05-08 Textbook
Copyright @ Delhi University Library System